Complex variables and applications (Record no. 7806)

000 -LEADER
fixed length control field 00528nam a2200193 4500
001 - CONTROL NUMBER
control field 7806
003 - CONTROL NUMBER IDENTIFIER
control field BD-DhUET
008 - FIXED-LENGTH DATA ELEMENTS--GENERAL INFORMATION
fixed length control field 141213b/xxu||||| |||| 00| 0 eng d
040 ## - CATALOGING SOURCE
Original cataloging agency DLC
Language of cataloging DLC
Transcribing agency BD-DhUET
082 ## - DEWEY DECIMAL CLASSIFICATION NUMBER
Edition number 1st ed.
Classification number 517.8
Item number CHU/1974
100 ## - MAIN ENTRY--PERSONAL NAME
Personal name Churchill , Ruel V.
245 ## - TITLE STATEMENT
Title Complex variables and applications
Statement of responsibility, etc. by Ruel V. Churchill
250 ## - EDITION STATEMENT
Edition statement 1st ed.
260 ## - PUBLICATION, DISTRIBUTION, ETC. (IMPRINT)
Place of publication, distribution, etc. Newyork
Name of publisher, distributor, etc. McGraw Hill
Date of publication, distribution, etc. 1974
300 ## - PHYSICAL DESCRIPTION
Extent IX, 293 p .
Other physical details col. ill.
504 ## - BIBLIOGRAPHY, ETC. NOTE
Bibliography, etc includes bibliographies
650 #0 - SUBJECT ADDED ENTRY--TOPICAL TERM
Topical term or geographic name as entry element Math complex variable
942 ## - ADDED ENTRY ELEMENTS (KOHA)
Koha item type General Book
Holdings
Copy number Sublocation or collection (holding branch) Not for loan Koha issues (times borrowed) Location (home branch) Date acquired Withdrawn status Source of classification or shelving scheme Lost status Koha date last seen Koha full call number Price effective from Koha normalized classification for sorting Koha date last borrowed Shelving location Koha item type Piece designation (barcode) Damaged status
1Central Library, BUET  Central Library, BUET2014-12-13   2014-12-13517.8/CHU/19742014-12-13517_800000000000000_CHU_1974 Circulation sectionGeneral Book52888 
2Central Library, BUET  Central Library, BUET2014-12-13   2014-12-13517.8/CHU/19742014-12-13517_800000000000000_CHU_1974 Circulation sectionGeneral Book52890 
3Central Library, BUET 1Central Library, BUET2014-12-13   2016-12-20517.8/CHU/19742014-12-13517_800000000000000_CHU_19742016-07-13Circulation sectionGeneral Book67791 
4Central Library, BUET 2Central Library, BUET2014-12-13   2024-09-15517.8/CHU/19742014-12-13517_800000000000000_CHU_19742024-09-01Circulation sectionGeneral Book52886 
5Central Library, BUET  Central Library, BUET2014-12-13   2014-12-13517.8/CHU/19742014-12-13517_800000000000000_CHU_1974 Circulation sectionGeneral Book7363